Score 0/10 Timer 04:00
0 Plays Today
% Correct
The Ellen DeGeneres Show
88.3%
The Tonight Show Starring Jimmy Fallon
84.1%
Late Show with David Letterman
66.7%
The View
55.5%
LIVE with Kelly and Ryan
37.5%
The Martha Stewart Show
31.2%
Dr. Phil
25.6%
The Today Show
16.7%
Rachael Ray
10.2%
The Dr. Oz Show
8.6%
Remove Ads.
Support Sporcle.
Get the best of Sporcle when you Go Orange. This ad-free experience offers more features, more stats, and more fun while also helping to support Sporcle. Thank you for becoming a member.

You're not logged in!

Compare scores with friends on all Sporcle quizzes.
OR
Log In

Show Comments

Extras

Top Quizzes Today


Score Distribution

Your Account Isn't Verified!

In order to create a playlist on Sporcle, you need to verify the email address you used during registration. Go to your Sporcle Settings to finish the process.

Report this User

Report this user for behavior that violates our Community Guidelines.

Details: